Josef Seliger - der Politiker

Titel: Josef Seliger - der Politiker
Verfasser:
In: Seliger-Gemeinde: Sudeten-Jahrbuch der Seliger-Gemeinde, Band 46 (1997), Seite 62-65
alle Artikel anzeigen
Veröffentlicht: 1997 [1996]
Format: Aufsatz
Sprache: Deutsch
Kein Bild verfügbar
X
alg: 39153962
001A    $01999:11-11-16 
001B    $01999:15-05-21 $t20:55:46.000 
001D    $01999:11-11-16 
001U    $0utf8 
001X    $00 
002@    $0Aox 
003@    $0391539620 
007A    $0391539620 $aHEB 
007T    $0Herd01234 
010@    $ager 
011@    $a1997 $n1997 [1996] 
021A    $aJosef Seliger - der Politiker 
028A    $aBrückner $dGerhard 
031A    $d46 $h62-65 $j1997 
039B    $aIn $8--Abvc--Seliger-Gemeinde [Tb1]. Sudeten-Jahrbuch der Seliger-Gemeinde. - München : Die Brücke, 1952-2003 $x199700000460000938 $9047713011 
045F    $a929.094371 $eDDC23BSB 
045F/01 $a929 
045F/03 $g4371 

lok: 39153962 78

exp: 39153962 78 1 #EPN
201B/01 $005-02-21 $t23:13:37.000 
201U/01 $0utf8 
203@/01 $078763381X 
208@/01 $a11-11-16 $be 
209A/01 $a/ $f000 $x00 
220C/01 $aTitelaufnehmer: rk 
244Z/01 $#Tschechien $#Tschechische Republik $#Tschechische Republik $#Tschechenland $#Tschechei Tschechien $#Česká Republika $#Czech Republic $#ČR $74303381-7 $8--Tg1--Tschechien $x01 $9086659812 
244Z/01 $2Trx $#Böhmen $#Bohemia $#Czechy $8--Trx--Čechy $x02 $9391188941 
244Z/01 $aGeschichte 1869-1920 $x03 
244Z/01 $7128662638 $8--Tp1--Seliger, Josef$Z1870-1920 $x04 $9118473425 
244Z/01 $2Trx $#sotsiaaldemokraadid $#socialdemokratai $#social democrats $#szociáldemokraták $#socjaldemokraci $#sociálni demokrati $#sociální demokraté $8--Trx--Sozialdemokraten $x05 $939135826X 
244Z/01 $2Trx $#poliitikud $#politikai $#politicians $#politikus $#politycy $#politici $#politici $#Staatsmänner $#štátnici $#státníci $8--Trx--Politiker $x06 $9391382128 
244Z/01 $2Trx $8--Trx--Zeitschriftenaufsatz $x07 $9391384341 
245Z/01 $a12.03 $x01 
247C/01 $82080>Marburg/Lahn, Herder-Institut, Forschungsbibliothek, Bibliographieportal $9336309341
LEADER 00000caa a22000002c 4500
001 391539620
003 DE-603
005 20210515205546.0
007 tu
008 161111s1997 xx |||| | u00||u|ger c
035 |a (DE-599)HEB391539620 
040 |a DE-603  |b ger  |c DE-603  |d DE-603 
041 |a ger 
082 0 4 |8 1\u  |a 929.094371  |q DE-101  |2 23/BSB 
085 |8 1\u  |b 929 
085 |8 1\u  |z 2  |s 4371 
100 1 |a Brückner, Gerhard 
245 0 0 |a Josef Seliger - der Politiker 
264 0 |c 1997 [1996] 
773 0 8 |i In  |a Seliger-Gemeinde  |t Sudeten-Jahrbuch der Seliger-Gemeinde  |d München : Die Brücke, 1952-2003  |h 21 cm  |g Band 46 (1997), Seite 62-65  |w (DE-603)047713011  |w (DE-600)511910-8 
924 0 |9 2080  |a (DE-603)78763381X  |b DE-2080  |c HES  |d d  |g /